Theoretical organic chemistry / (Record no. 11301)
[ view plain ]
| 000 -LEADER | |
|---|---|
| fixed length control field | 00436cam a2200169ua 4500 |
| 041 ## - LANGUAGE CODE | |
| Language code of text/sound track or separate title | eng |
| 082 ## - DEWEY DECIMAL CLASSIFICATION NUMBER | |
| Classification number | 547 |
| Item number | COH/TH |
| 100 ## - MAIN ENTRY--AUTHOR NAME | |
| Personal name | Julius , B Cohen . |
| 245 ## - TITLE STATEMENT | |
| Title | Theoretical organic chemistry / |
| 250 ## - EDITION STATEMENT | |
| Edition statement | 4 / |
| 260 ## - PUBLICATION, DISTRIBUTION, ETC. (IMPRINT) | |
| Place of publication | London : |
| Name of publisher | MacMillan and Company Limited , |
| Year of publication | 1958. |
| 300 ## - PHYSICAL DESCRIPTION | |
| Number of Pages | 622 ; . |
| 700 1# - ADDED ENTRY--PERSONAL NAME | |
| Personal name | Austin , P C . |
| 942 ## - ADDED ENTRY ELEMENTS (KOHA) | |
| Koha item type | Books |
| Withdrawn status | Lost status | Damaged status | Home library | Current library | Date acquired | Full call number | Accession Number | Koha item type |
|---|---|---|---|---|---|---|---|---|
| KAUAET | KAUAET | 07/04/2012 | 547 | 12595 | Books |
